[Event "Woo."]
[Site "http://www.queenalice.com/game.php?id=267502"]
[Date "2007.9.5"]
[Round "-"]
[White "Yu_Gi_Oh_master"]
[Black "TruePunkLuvU"]
[Result "0-1"]
[WhiteElo "1539"]
[BlackElo "1169"]

1. e4 e5 2. Nf3 Bd6 3. Bc4 Nf6 4. d3 O-O 5. Bg5 Nxe4 6. Bxd8 Rxd8 7. dxe4 Nc6 8.
O-O Na5 9. Qd5 b6 10. Qxa8 Nxc4 11. Qd5 Ba6 12. Re1 c6 13. Qd1 Nxb2 14. Qxd6 b5
15. Qb4 d6 16. Qxb2 d5 0-1

[Event "Challenge"]
[Site "http://www.queenalice.com/game.php?id=267993"]
[Date "2007.9.7"]
[Round "-"]
[White "patrick"]
[Black "TruePunkLuvU"]
[Result "1-0"]
[WhiteElo "1365"]
[BlackElo "1196"]

1. Nf3 Nf6 2. h4 e6 3. g3 Bd6 4. Nc3 O-O 5. e3 Re8 6. Bd3 a6 7. Ng5 h6 8. Nf3
Nc6 9. e4 e5 10. h5 g6 11. hxg6 fxg6 12. Bc4+ Re6 13. Rxh6 b5 14. Rxg6+ Kf7 15.
Nh4 Na5 16. Bd5 Nxd5 17. Qf3+ Nf6 18. Nd5 c6 19. d3 c5 20. Bh6 Bf8 21. Bg5 b4
22. Nxf6 d6 23. Ng8+ Ke8 24. Bxd8 Kxd8 25. Qf7 Bd7 26. Qxf8+ Re8 27. Qf6+ Re7
28. Qxe7+ Kc7 29. Qxd6+ Kb7 30. Qb6+ Kc8 31. Ne7# 1-0

[Event "4Onions2Bananas1Lemon."]
[Site "http://www.queenalice.com/game.php?id=268670"]
[Date "2007.9.8"]
[Round "-"]
[White "shouou"]
[Black "TruePunkLuvU"]
[Result "1-0"]
[WhiteElo "1651"]
[BlackElo "1181"]

1. e4 g5 2. d4 Nf6 3. e5 Nd5 4. Nf3 Bh6 5. Bxg5 Bg7 6. Bc4 Nb6 7. Nbd2 O-O 8.
O-O d5 9. exd6 cxd6 10. d5 e6 11. Bxd8 Rxd8 12. dxe6 Bxe6 13. Bxe6 fxe6 14. Ng5
e5 15. Ne6 Rd7 16. Nxg7 Kxg7 17. Qg4+ Kf7 18. f4 Ke8 19. Ne4 Rc7 20. c3 Nc4 21.
fxe5 dxe5 22. Qe6+ Re7 23. Qg8+ Kd7 24. Rad1+ Kc6 25. Qxc4+ Kb6 26. Rd6+ Nc6 27.
Qb4+ Kc7 28. Qc5 h5 29. Rff6 Rc8 30. Ng5 a6 31. Ne6+ Rxe6 32. Rf7+ Kb8 33. Rxe6
h4 34. Qb6 Nd8 35. Ree7 e4 36. Rxb7+ Nxb7 37. Qxb7# 1-0

[Event "Challenge"]
[Site "http://www.queenalice.com/game.php?id=272047"]
[Date "2007.9.14"]
[Round "-"]
[White "julisses"]
[Black "TruePunkLuvU"]
[Result "1-0"]
[WhiteElo "1525"]
[BlackElo "1187"]

1. e4 Nh6 2. Bc4 e6 3. Nc3 Bd6 4. Nh3 f5 5. exf5 exf5 6. Ng5 Nf7 7. Nxf7 Qf6 8.
Nxh8 a6 9. Qh5+ g6 10. Qxh7 c5 11. Nxg6 Nc6 12. d3 Ne7 13. Qh8+ Ng8 14. Qxg8+
Qf8 15. Qxf8+ Bxf8 16. O-O Bg7 17. Bg5 d5 18. Bxd5 a5 19. Rae1+ Kd7 20. Re7+ Kd6
21. Rxg7 f4 22. Bxf4# 1-0

[Event "Challenge"]
[Site "http://www.queenalice.com/game.php?id=277830"]
[Date "2007.9.27"]
[Round "-"]
[White "shouou"]
[Black "TruePunkLuvU"]
[Result "1-0"]
[WhiteElo "1659"]
[BlackElo "1177"]

1. e4 e6 2. Nf3 Bd6 3. Bc4 Nh6 4. d3 O-O 5. Bxh6 gxh6 6. O-O c5 7. e5 Bc7 8. Qd2
d5 9. exd6 Bxd6 10. Qxh6 Nc6 11. Ng5 f6 12. Qxh7# 1-0

[Event "Challenge"]
[Site "http://www.queenalice.com/game.php?id=288866"]
[Date "2007.10.18"]
[Round "-"]
[White "FENIX_RJ"]
[Black "TruePunkLuvU"]
[Result "1-0"]
[WhiteElo "1582"]
[BlackElo "1179"]

1. e4 e5 2. Bc4 Nh6 3. Nf3 Bd6 4. d4 O-O 5. dxe5 Bb4+ 6. c3 Bc5 7. Ng5 Qxg5 8.
Bxg5 d6 9. Qh5 dxe5 10. Nd2 Na6 11. f4 exf4 12. Bxf4 Be7 13. Bxh6 gxh6 14. Qxh6
Be6 15. Bxe6 fxe6 16. Qxe6+ Rf7 17. Rf1 Nc5 18. Qxf7+ Kh8 19. Qxe7 Rg8 20. Rf8
Rxf8 21. Qxf8# 1-0

[Event "Tap dancin' shoes!"]
[Site "http://www.queenalice.com/game.php?id=289077"]
[Date "2007.10.18"]
[Round "-"]
[White "shouou"]
[Black "TruePunkLuvU"]
[Result "1-0"]
[WhiteElo "1712"]
[BlackElo "1192"]

1. e4 e6 2. d4 Bd6 3. Nc3 Nf6 4. e5 Bb4 5. Bd2 O-O 6. Qe2 Nc6 7. O-O-O Nd5 8.
Nxd5 a5 9. Bxb4 axb4 10. Ne3 f6 11. Nf3 fxe5 12. Nxe5 Nxe5 13. dxe5 c5 14. g3 b5
15. Qxb5 Ra6 16. Qxc5 d6 17. Qxb4 dxe5 18. Rxd8 Rxd8 19. Bxa6 Bxa6 20. Rd1 Rf8
21. Rd2 Rf7 22. Qb8+ Rf8 23. Rd8 Rxd8 24. Qxd8+ Kf7 25. Ng4 e4 26. Ne5# 1-0

[Event "Challenge"]
[Site "http://www.queenalice.com/game.php?id=292339"]
[Date "2007.10.24"]
[Round "-"]
[White "dida"]
[Black "TruePunkLuvU"]
[Result "1-0"]
[WhiteElo "1374"]
[BlackElo "1190"]

1. e4 e5 2. Nc3 Bd6 3. Nf3 Nf6 4. a3 O-O 5. d3 c5 6. h3 Qa5 7. Bd2 b6 8. Be2
Nxe4 9. Nxe4 Qa6 10. Nxd6 Bb7 11. d4 Qa4 12. Nxb7 Qc6 13. Bh6 gxh6 14. Nxe5 Qxg2
15. Kd2 Qxf2 16. Rg1+ Kh8 17. Kc1 a5 18. Rg4 d6 19. dxc5 dxe5 20. cxb6 Nc6 21.
Nd6 Rad8 22. Rc4 Rxd6 23. Qf1 Qxf1+ 24. Bxf1 1-0

[Event "Challenge"]
[Site "http://www.queenalice.com/game.php?id=302437"]
[Date "2007.11.12"]
[Round "-"]
[White "blowupthetv"]
[Black "TruePunkLuvU"]
[Result "1-0"]
[WhiteElo "1434"]
[BlackElo "1199"]

1. Nc3 e5 2. Nf3 Bd6 3. d4 exd4 4. Nxd4 Nf6 5. e4 O-O 6. Bd3 a6 7. e5 Bxe5 8.
Nce2 c6 9. Bf4 Bxd4 10. Nxd4 b5 11. Bg5 c5 12. Nf5 Re8+ 13. Ne3 Re6 14. O-O Bb7
15. Re1 Qc8 16. Bxf6 gxf6 17. Qg4+ Kf8 18. Bxh7 c4 19. Nf5 Rxe1+ 20. Rxe1 a5 21.
Qg8# 1-0

[Event "Challenge"]
[Site "http://www.queenalice.com/game.php?id=304724"]
[Date "2007.11.16"]
[Round "-"]
[White "julisses"]
[Black "TruePunkLuvU"]
[Result "1-0"]
[WhiteElo "1566"]
[BlackElo "1181"]

1. e4 e5 2. Bc4 Nf6 3. Nf3 Bd6 4. Ng5 Nxe4 5. Nxe4 O-O 6. d3 Nc6 7. Ng5 h6 8.
Nf3 a6 9. O-O a5 10. c3 Na7 11. d4 c5 12. dxe5 Bxe5 13. Nxe5 d6 14. Nxf7 Qd7 15.
Nxd6+ Rf7 16. Nxf7 Nc6 17. Ne5+ 1-0

[Event "for the 21st century!!!"]
[Site "http://www.queenalice.com/game.php?id=336749"]
[Date "2008.1.15"]
[Round "-"]
[White "shouou"]
[Black "TruePunkLuvU"]
[Result "1-0"]
[WhiteElo "1704"]
[BlackElo "1177"]

1. e4 e5 2. Nf3 Bd6 3. Bc4 Nh6 4. c3 O-O 5. d4 exd4 6. Bxh6 gxh6 7. cxd4 Bb4+ 8.
Nc3 a6 9. O-O b5 10. Bd3 Bxc3 11. bxc3 d6 12. e5 dxe5 13. Nxe5 c6 14. Bc2 Re8
15. Qd3 f6 16. Qxh7+ Kf8 17. Qf7# 1-0

[Event "play until the end"]
[Site "http://www.queenalice.com/game.php?id=363397"]
[Date "2008.2.29"]
[Round "-"]
[White "TruePunkLuvU"]
[Black "shouou"]
[Result "0-1"]
[WhiteElo "1221"]
[BlackElo "1718"]

1. e4 c5 2. d3 Nc6 3. Be3 g6 4. Nc3 d6 5. Be2 Bg7 6. Na4 Qa5+ 7. c3 Qd8 8. Nf3
b6 9. O-O Nf6 10. h4 Ne5 11. Nxe5 dxe5 12. f3 O-O 13. b4 cxb4 14. cxb4 Nd7 15.
d4 exd4 16. Bxd4 Ne5 17. Bxe5 Qxd1 18. Rfxd1 Bxe5 19. Rac1 Be6 20. Bc4 Bxc4 21.
Rxc4 Bg3 22. a3 Rad8 23. Rf1 b5 24. Rc2 bxa4 25. e5 Rd7 26. f4 Rfd8 27. Rf3 Rd1+
28. Rf1 R1d2 29. Rc3 R2d3 30. Rc7 Rxa3 31. e6 Rd2 32. b5 Raa2 33. Rc8+ Kg7 34.
exf7 Rxg2+ 35. Kh1 Rh2+ 36. Kg1 Rag2# 0-1